000 01303cam a2200421 a 4500
001 15839108
003 OSt
005 20140310182750.0
008 090728s2010 enkb b 001 0 eng d
010 _a 2009933601
015 _aGBB010399
_2bnb
016 7 _a015474719
_2Uk
020 _a9781847879240 (hbk.)
020 _a1847879241 (hbk.)
020 _a184787925X (pbk.)
020 _a9781847879257 (pbk.)
035 _a(OCoLC)ocn491930190
040 _aUKM
_cUKM
_dBTCTA
_dYDXCP
_dBWK
_dCUS
_dKUK
_dWAU
_dDLC
042 _alccopycat
050 0 0 _aHV 6322.7
_b.Sa266 2010
082 0 4 _aM 364.135
_bS266 2010
100 1 _aSavelsberg, Joachim J.,
_d1951-
245 1 0 _aCrime and human rights
_bcriminology of genocide and atrocities
_cSavelsberg, Joachim J.
260 _aLondon
_bSAGE
_cc2010
300 _a130 p.
_bmap
_c20 cm.
440 0 _aCompact criminology
500 _aErrata inserted.
504 _aIncludes bibliographical references (p. [117]-123) and index.
521 _aCollege
526 _c1210-1700
541 _j1
562 _e1
650 0 _aCrimes against humanity.
650 0 _aHuman rights.
906 _a7
_bcbc
_ccopycat
_d2
_encip
_f20
_gy-gencatlg
942 _2lcc
_cBK
_kM
999 _c15729
_d15729